6 Big Questions of Journalism - Statistics

General Stats
  • This quiz has been taken 40 times
  • The average score is 6 of 6
Answer Stats
Answer % Correct
What
97%
When
97%
Who
97%
Where
95%
Why
95%
How
92%
No matching quizzes found
Score Distribution
Percent of People with Each Score
Percentile by Number Answered
Your Score History
You have not taken this quiz